Statistics for Airlines Operating the Airbus A380

Click here to take the quiz!

General Stats

  • This quiz has been taken 67 times
  • The average score is 11 of 16

Answer Stats

Answer% Correct
British Airways
96%
Emirates
94%
Air France
91%
Lufthansa
89%
Etihad Airways
87%
Qatar Airways
81%
Qantas
80%
Singapore Airlines
78%
Korean Air
74%
All Nippon Airways
72%
Asiana Airlines
63%
China Southern Airlines
63%
Thai Airways International
61%
Malaysia Airlines
59%
Hi Fly Malta
33%
Global Airlines
22%

Score Distribution

Percentile by Number Answered

Percent of People with Each Score

Your Score History

You have not taken this quiz